<?xml version="1.0" encoding="UTF-8"?>
<marc:record xmlns:marc="http://www.loc.gov/MARC21/slim">
   <marc:leader>00000nam a2200000 a 4500</marc:leader>
   <marc:datafield ind1="1" ind2=" " tag="100">
      <marc:subfield code="a">Preston, Scott</marc:subfield>
      <marc:subfield code="4">aut</marc:subfield>
      <marc:subfield code="e">Verfasser/-in</marc:subfield>
   </marc:datafield>
   <marc:datafield ind1="1" ind2=" " tag="100">
      <marc:subfield code="a">Robben, Bernhard</marc:subfield>
      <marc:subfield code="4">trl</marc:subfield>
      <marc:subfield code="e">Übersetzer/-in</marc:subfield>
   </marc:datafield>
   <marc:datafield ind1="0" ind2="0" tag="245">
      <marc:subfield code="a">Über dem Tal</marc:subfield>
   </marc:datafield>
   <marc:datafield ind1="0" ind2="0" tag="245">
      <marc:subfield code="b">Roman</marc:subfield>
   </marc:datafield>
   <marc:datafield ind1="0" ind2="0" tag="245">
      <marc:subfield code="c">Scott Preston</marc:subfield>
   </marc:datafield>
   <marc:datafield ind1=" " ind2="1" tag="264">
      <marc:subfield code="a">Frankfurt am Main</marc:subfield>
      <marc:subfield code="b">S. FISCHER</marc:subfield>
      <marc:subfield code="c">2024</marc:subfield>
   </marc:datafield>
   <marc:datafield ind1=" " ind2=" " tag="250">
      <marc:subfield code="a">1. Auflage</marc:subfield>
   </marc:datafield>
   <marc:datafield ind1="1" ind2=" " tag="520">
      <marc:subfield code="a">Anfang 2001 bricht auf den Farmen im nordenglischen Lake District eine tödliche Seuche aus, die die Schafe aus den Tälern verschwinden lässt und den Himmel mit dem beißenden Rauch der brennenden Kadaver verdeckt. So beginnt die dunkle Geschichte von Steve Elliman und William Herne. Die beiden Schafzüchter gehören zu denen, die alles verlieren. Im Diebstahl einer Herde im Süden des Landes sehen sie ihre einzige Rettung. Scott Preston erzählt von einem vergessenen England und einer verlorenen Generation, von Bauern, die sich in der brutalen Hingabe an ihre Herden verlieren, von den Folgen eines spektakulären Raubüberfalls und vom Scheitern im Kampf um die eigene Existenz. »Über dem Tal« ist die Liebeserklärung an eine atemberaubend schöne Landschaft, deren archaische Unerbittlichkeit die Bedingung für die ist, die in ihr leben. Eine wütende und hochpoetische Feier der Größe unserer kleinen Welt.</marc:subfield>
   </marc:datafield>
   <marc:datafield ind1=" " ind2=" " tag="020">
      <marc:subfield code="a">9783103976007</marc:subfield>
      <marc:subfield code="9">9783103976007</marc:subfield>
   </marc:datafield>
   <marc:datafield ind1=" " ind2=" " tag="020">
      <marc:subfield code="a">3103976003</marc:subfield>
      <marc:subfield code="9">3103976003</marc:subfield>
   </marc:datafield>
   <marc:datafield ind1=" " ind2=" " tag="041">
      <marc:subfield code="a">ger</marc:subfield>
   </marc:datafield>
   <marc:datafield ind1=" " ind2=" " tag="300">
      <marc:subfield code="a">344 Seiten</marc:subfield>
   </marc:datafield>
</marc:record>
